Devine le sociologue - Statistiques

Statistiques générales
  • Ce quiz a été pris 212 fois
    186 depuis la dernière actualisation
  • Le résultat moyen est 6 sur 12
Statistiques - réponses
Hint Réponse % Correct
Habitus Bourdieu
95%
Communisme Marx
87%
Don Contre Don Mauss
58%
Anomie Durkheim
56%
Toupie de Mendras Mendras
52%
Désenchantement du monde Weber
49%
Processus de civilisation Elias
42%
Banalité du Mal Arendt
33%
Institution totale Goffman
33%
Biopouvoir Foucault
31%
Intersectionnalité Crenshaw
23%
Les lois de l'imitation Tarde
9%
Aucun quiz correspondant
Distribution des résultats
% des personnes avec chaque résultat
Percentile par nombre de réponses
Votre historique - résultats
Vous n’avez pas pris ce quiz depuis la dernière actualisation